Lý thuyết ô tô máy kéo
Nội dung sách đề cập đến những vấn đề cơ bản thuộc lĩnh vực lý thuyết ô tô máy kéo liên quan đến sự phát triển của ngành ô tô máy kéo trong sự nghiệp đổi mới đất nước hiện nay.
Salvato in:
| Autore principale: | |
|---|---|
| Natura: | Libro |
| Lingua: | Undetermined |
| Pubblicazione: |
Hà Nội
Khoa học và kỹ thuật
2007
|
| Soggetti: | |
| Tags: |
Aggiungi Tag
Nessun Tag, puoi essere il primo ad aggiungerne! !
|
| Thư viện lưu trữ: | Trung tâm Học liệu Trường Đại học Cần Thơ |
|---|
| LEADER | 00969nam a2200229Ia 4500 | ||
|---|---|---|---|
| 001 | CTU_128075 | ||
| 008 | 210402s9999 xx 000 0 und d | ||
| 020 | |c 43000 | ||
| 082 | |a 629.2252 | ||
| 082 | |b C121 | ||
| 100 | |a Nguyễn, Hữu Cẩn | ||
| 245 | 0 | |a Lý thuyết ô tô máy kéo | |
| 245 | 0 | |c Nguyễn Hữu Cẩn (chủ biên) | |
| 260 | |a Hà Nội | ||
| 260 | |b Khoa học và kỹ thuật | ||
| 260 | |c 2007 | ||
| 520 | |a Nội dung sách đề cập đến những vấn đề cơ bản thuộc lĩnh vực lý thuyết ô tô máy kéo liên quan đến sự phát triển của ngành ô tô máy kéo trong sự nghiệp đổi mới đất nước hiện nay. | ||
| 526 | |a Lý thuyết ô tô | ||
| 526 | |b CN566 | ||
| 650 | |a Automobile,Tractors,Xe ô tô,Máy kéo | ||
| 904 | |i Tuyến | ||
| 980 | |a Trung tâm Học liệu Trường Đại học Cần Thơ | ||